| 000 | 00375 a2200145 4500 | ||
|---|---|---|---|
| 020 | _a0750662662 | ||
| 040 |
_aDLC _bDLC |
||
| 100 | 1 | _aBird, J. O. | |
| 245 | 1 | 0 |
_aHigher engineering mathematics _cJohn Bird. |
| 250 | _a4th ed. | ||
| 260 |
_aAmsterdam : _bNewnes, _c2004. |
||
| 300 |
_axiv, 704 p. : _bill. |
||
| 650 | 0 | _aEngineering mathematics. | |
| 942 |
_cBK _k510.2462 BIR _2ddc |
||
| 999 |
_c7468 _d7468 |
||